000 01331nam0a2200313 4500
001 RU\NLR\bibl\1272256
005 20250615134506.0
010 _a978-5-365-00766-6
_94000
021 _aRU
_b2008-55886
_93102
035 _a(NLR Aleph) 001258123
090 _a361786
_c361786
100 _a20080911d2007 |||y0rusy50 ca
101 0 _arus
102 _aRU
105 _aag |||||||||
200 1 _aМаркетинг: общий курс
_eучебное пособие
_eдля студентов высших учебных заведений, обучающихся по направлению 521600 - "Экономика"
_fпод ред. Н.Я. Калюжновой, А.Я. Якобсона
205 _a2-е изд., стер.
210 _aМосква
_cОмега-Л
_d2007
215 _a474, [2] с.
_cил., нот.
_d22
225 1 _aВысшее экономическое образование
_eВЭО
606 1 _aМаркетинг
_jУчебные издания для высших учебных заведений
_91262222
_3RU\NLR\auth\66200829
686 _aУ5-361.4я73
686 _aУ010.63я73
702 1 _aКалюжнова
_bН. Я.
_gНадежда Яковлевна
_4340
801 0 _aRU
_bNLR
_c20080911
_gRCR
801 1 _aRU
_bNLR
_c20080911
942 _cBOOK
980 _aNB